Hermann Graf Keyserling im Konflikt mit seinen estländischen Landsleuten 1917/18
| Titel: | Hermann Graf Keyserling im Konflikt mit seinen estländischen Landsleuten 1917/18 |
|---|---|
| Verfasser: | |
| In: |
Baltisches Welterlebnis, (2007), Seite 489-532, Abb. alle Artikel anzeigen |
| Veröffentlicht: | 2007 |
| Format: | Aufsatz |
| Sprache: | Deutsch |
X
alg: 39222474 001A $01999:11-11-16 001B $01999:16-05-21 $t20:25:26.000 001D $01999:11-11-16 001U $0utf8 001X $00 002@ $0Aox 003@ $0392224747 007A $0392224747 $aHEB 007T $0Herdc0043210m 010@ $ager 011@ $a2007 021A $aHermann Graf Keyserling im Konflikt mit seinen estländischen Landsleuten 1917/18 028A $aWistingshausen $dHenning von 031A $h489-532, Abb. $j2007 039B $aIn $8--Aau--. Baltisches Welterlebnis. - Heidelberg : Winter, 2007. - 586 S.. - Ill.. - ISBN 978-3-8253-5376-6 $x200700000000000511 $9190652160 045F $a929.094798 $eDDC23BSB 045F/01 $a929 045F/03 $g4798 lok: 39222474 78 exp: 39222474 78 1 #EPN 201B/01 $016-06-20 $t22:45:57.000 201U/01 $0utf8 203@/01 $0788321005 208@/01 $a11-11-16 $be 209A/01 $a/ $f000 $x00 220C/01 $aTitelaufnehmer: kk;sk 220C/01 $aHerkunft: HI Marburg 244Z/01 $2Trx $#Estija $#Igaunija $#Estland $#Estonia $#Estonia $#Estónsko $#Estonsko $8--Trx--Eesti $x01 $9391237225 244Z/01 $aGeschichte 1917-1918 $x02 244Z/01 $#Keyserling, Hermann $#Keyserling, Hermann Graf $#Keyserling, Hermann von $#Keyserling, Hermann de $#Keyserling, Hermann Alexander $#Keyserling, Herman de $#Kejzerling, G. fon $#Keyserlingk, Hermann von $#Kajzerling, German $#Kajzerling, Herman $#Keyserling, Hermann Alex. $#Keyserling, Hermann Alexander von $#Keyserling, Hermann Alexander Graf von $7118722158 $8--Tp1--Keyserling, Hermann$Z1880-1946 $x03 $9087062941 244Z/01 $2Trx $8--Trx--Stackelberg, Eduard von$Z1867-1943 $x04 $9391098713 244Z/01 $2Trx $8--Trx--Dellingshausen, Eduard von$Z1863-1939 $x05 $939112644X 244Z/01 $2Trx $8--Trx--Taube, Otto von$Z1879-1973 $x06 $9390775290 244Z/01 $2Trx $8--Trx--Bodisco, Eduard von$Z1863-1940 $x07 $9390850004 244Z/01 $#Budberg, Otto Bernhard von $71077887132 $8--Tp2--Budberg, Otto$cvon$Z1850-1907 $x08 $936561212X 244Z/01 $2Trx $#Eessaare, Aadu $8--Trx--Anvelt, Jaan$Z1884-1937 $x09 $9391095692 244Z/01 $2Trx $8--Trx--Wulf, Arthur von$Z1859-1930 $x10 $9390950777 244Z/01 $2Trx $8--Trx--Gruenewaldt, Walter von$Z1843-1920 $x11 $9390741477 244Z/01 $2Trx $8--Trx--Schulmann, Otto von$Z1888-1964 $x12 $9390871125 244Z/01 $2Trx $#filosoofid $#filosofai $#philosophers $#filozófusok $#filozofowie $#filozofi $#filozofové $8--Trx--Philosophen $x13 $9391360442 244Z/01 $2Trx $#poliitikud $#politikai $#politicians $#politikus $#politycy $#politici $#politici $#Staatsmänner $#štátnici $#státníci $8--Trx--Politiker $x14 $9391382128 244Z/01 $2Trx $#baltisakslased $#Pabaltijo vokiečiai $#German Balts $#német-balti népek $#Niemcy bałtyccy $#Nemci pobaltskí $#Němci pobaltskí $8--Trx--Deutschbalten $x15 $9391369946 244Z/01 $2Trx $8--Trx--Einzelbeiträge $x16 $9391384570 245Z/01 $a12.03 $x01 247C/01 $82080>Marburg/Lahn, Herder-Institut, Forschungsbibliothek, Bibliographieportal $9336309341
| LEADER | 00000caa a22000002c 4500 | ||
|---|---|---|---|
| 001 | 392224747 | ||
| 003 | DE-603 | ||
| 005 | 20210516202526.0 | ||
| 007 | tu | ||
| 008 | 161111s2007 xx |||| | u00||u|ger c | ||
| 035 | |a (DE-599)HEB392224747 | ||
| 040 | |a DE-603 |b ger |c DE-603 |d DE-603 | ||
| 041 | |a ger | ||
| 082 | 0 | 4 | |8 1\u |a 929.094798 |q DE-101 |2 23/BSB |
| 085 | |8 1\u |b 929 | ||
| 085 | |8 1\u |z 2 |s 4798 | ||
| 100 | 1 | |a Wistingshausen, Henning von | |
| 245 | 0 | 0 | |a Hermann Graf Keyserling im Konflikt mit seinen estländischen Landsleuten 1917/18 |
| 264 | 0 | |c 2007 | |
| 773 | 0 | 8 | |i In |t Baltisches Welterlebnis |d Heidelberg : Winter, 2007 |h 586 S., Ill. |z 9783825353766 |z 3825353761 |g (2007), Seite 489-532, Abb. |w (DE-603)190652160 |
| 924 | 0 | |9 2080 |a (DE-603)788321005 |b DE-2080 |c HES |d d |g / | |


